| 000 | 01268cam a2200349 i 4500 | ||
|---|---|---|---|
| 001 | 16397 | ||
| 003 | Mx-PuUPA | ||
| 005 | 20250509093426.0 | ||
| 008 | 140415s1988 sp gr 000 0 spa d | ||
| 017 | _aM-27674-1988 | ||
| 020 | _a847490207X | ||
| 040 |
_aMx-PuUPA _bspa _cMx-PuUPA _dMx-PuUPA _erda |
||
| 041 | 1 |
_aspa _hita |
|
| 100 | 1 |
_aBellini, Enzo, _d1934-1981 _eautor _917017 |
|
| 240 | 1 | 2 |
_aI padri nella tradizione cristiana. _lEspañol |
| 245 | 1 | 4 |
_aLos santos padres en la tradición cristiana / _cEnzo Bellini ; edición preparada por Luigi Saibene ; traductor, Abundio Rodríguez |
| 250 |
_a1a edición / _bjulio |
||
| 264 | 1 |
_aMadrid : _bEdiciones Encuentro, _c1988 |
|
| 300 |
_a140 páginas ; _c18 cm |
||
| 336 |
_2rdacontent _atexto _btxt |
||
| 337 |
_2rdamedia _asin medio _bn |
||
| 338 |
_2rdacarrier _avolumen _bnc |
||
| 490 | 0 |
_aLibros de bolsillo ; _v50 |
|
| 650 | 7 |
_2armarc _aPadres de la iglesia |
|
| 650 | 7 |
_2armarc _aPatrística |
|
| 700 | 1 |
_aRodríguez, Abundio, _etraductor |
|
| 700 | 1 |
_aSaibene, Luigi, _eeditor |
|
| 765 | 0 |
_aBellini, Enzo, 1934 - 1981 _dMilan : Editoriale Jaca Book, ©1982 _tI padri nella tradiziones cristiana |
|
| 942 |
_2ddc _cLI _h270.1 _iB42 |
||
| 999 |
_c16397 _d16397 |
||